000 00712cam a22002651 4500
999 _c7933
_d7933
001 7933
003 BD-JhCC
005 20180716185938.0
008 760928s1956 enk 000 0 eng
035 _a(BD-JhCC)7933
035 _a(OCoLC)2469236
040 _aDLC
_cNFredU
_dUk
_dDLC
_dBD-JhCC
041 _aeng
050 0 0 _aPN4775
_b.R48
082 _bROB 1956
100 1 _aRobbins, Alan Pitt,
_d1888-
245 1 0 _aNewspapers to-day /
_cAlan Pitt Robbins,
260 _a[London]
_bOxford University Press,
_c1956.
300 _a142 p.
_billus.
_c23 cm.
490 0 _aThe Pageant of progress,
_v21
650 0 _aJournalism.
650 0 _aJournalism
_zGreat Britain.
942 _2ddc
_cBK